Statystyki dla Quiz panstwowo-stolico-flago-gdzieTo

Kliknij tutaj aby rozwiązać quiz!

Ogólne statystyki

  • Ten quiz został rozwiązany 76 razy
  • Średni wynik to 4 z 6

Statystyki odpowiedzi

PytanieOdpowiedź% Poprawnych
Stolica PolskiWarszawa
99%
My mieszkamy wPolsce
93%
Najwiekszy KontynentAzja
90%
Flaga PolskiBiało_Czerwona
87%
Drapacze ChmurNowy Jork
28%
Czy polska jest w europiePolska jest w europie
23%

Rozkład punktacji

Percentyl według liczby udzielonych odpowiedzi

Procent ludzi z każdym wynikiem

Twoja historia wyników

Nie rozwiązałeś tego quizu